| 000 | 00410nam a2200169Ia 4500 | ||
|---|---|---|---|
| 005 | 20250330150258.0 | ||
| 008 | 250326s9999 xx 000 0 und d | ||
| 020 |
_a9783110530346 _qhbk |
||
| 041 | _aeng. | ||
| 082 |
_a515.78 _bTIN |
||
| 100 | _aTintarev, Cy | ||
| 245 | 0 | _aConcentration Compactness | |
| 260 |
_bDe Gruyter _c2020 _aBerlin |
||
| 300 | _a216 p. | ||
| 650 | _aMathematics | ||
| 942 | _cENGLISH | ||
| 999 |
_c569124 _d569124 |
||